Statistiques concernant Séries commençant par la lettre M

Cliquez ici pour prendre le quiz!

Statistiques générales

  • Ce quiz a été pris 111 fois
  • Le résultat moyen est 5 sur 9

Statistiques - réponses

Réponse% Correct
Malcolm
95%
Ma Famille D’abord
93%
Mentalist
72%
Monk
67%
Modern Family
47%
Mon Oncle Charlie
38%
MacGyver
37%
Medium
17%
Melrose Place
9%

Distribution des résultats

Percentile par nombre de réponses

% des personnes avec chaque résultat

Votre développement - résultats

Vous n’avez pas pris ce quiz